Top 20 najlepszych strzelców w historii Fc Barcelony - Statystyki

Ogólne statystyki
  • Ten quiz został rozwiązany 172 razy
  • Średni wynik to 6 z 20
Statystyki odpowiedzi
Zawodnik Narodowość % Poprawnych
Messi Argentyna
100%
Suarez Urugwaj
90%
Neymar Brazylia
83%
Ronaldinho Brazylia
66%
Eto'o Kamerun
60%
Rivaldo Brazylia
42%
Stoichkov Bułgaria
39%
Pedro Hiszpania
35%
Kluivert Holandia
20%
Kubala Węgry
9%
Enrique Hiszpania
7%
Rodriguez Hiszpania
7%
Martin Hiszpania
3%
Rexach Hiszpania
3%
Asensi Hiszpania
2%
Basora Hiszpania
2%
Escola Hiszpania
2%
Martinez Hiszpania
2%
Zaldua Hiszpania
2%
De Macedo Brazylia
1%
Nie znaleziono quizów pasujących do podanych kryteriów
Rozkład punktacji
Procent ludzi z każdym wynikiem
Percentyl według liczby udzielonych odpowiedzi
Twoja historia wyników
Nie rozwiązałeś tego quizu